| 000 | 01313cam a2200373 i 4500 | ||
|---|---|---|---|
| 001 | 25659 | ||
| 003 | Mx-PuUPA | ||
| 005 | 20251016132741.0 | ||
| 008 | 140415s2010 mx gr 000 0 spa d | ||
| 020 | _a9786074002843 | ||
| 040 |
_aMx-PuUPA _bspa _cMx-PuUPA _dMx-PuUPA _erda |
||
| 041 | 1 |
_aspa _heng |
|
| 100 | 1 |
_914079 _aAlbom, Mitch, _d1958- _eautor |
|
| 240 | 1 |
_aHave a little faith. _lEspañol |
|
| 245 | 1 | 0 |
_aTen un poco de fe / _cMitch Albom ; traducción, Montse Batista |
| 250 | _aPrimera edición | ||
| 264 | 1 |
_aMéxico, D. F. : _bEditorial Océano de México, _c©2010 |
|
| 300 |
_a254 páginas ; _c23 cm |
||
| 336 |
_2rdacontent _atexto _btxt |
||
| 337 |
_2rdamedia _asin medio _bn |
||
| 338 |
_2rdacarrier _avolumen _bnc |
||
| 500 | _a"Una emotiva historia sobre lo más profundo de nuestros valores y creencias". -- Cubierta | ||
| 600 | 1 | 4 |
_aAlbom, Mitch, _d1958 _xReligión |
| 600 | 1 | 4 | _aLewis, Albert L., |
| 650 | 7 |
_913986 _2armarc _aFe (Judaísmo) |
|
| 650 | 7 |
_2armarc _aFe |
|
| 700 | 1 |
_aBatista, Montse, _etraductor |
|
| 765 | 0 |
_aAlbom, Mitch, 1958- _tHave a little faith. |
|
| 942 |
_2ddc _cLI _h296.7 _iA3218 |
||
| 999 |
_c25659 _d25659 |
||